Eastern Utah Libraries Catalog: Duchesne, Heber, Roosevelt, & Vernal

The human body / (Record no. 319231)

MARC details
000 -LEADER
fixed length control field 02481cam a2200505Ii 4500
001 - CONTROL NUMBER
control field on1055914549
003 - CONTROL NUMBER IDENTIFIER
control field OCoLC
005 - DATE AND TIME OF LATEST TRANSACTION
control field 20200320220508.0
008 - FIXED-LENGTH DATA ELEMENTS--GENERAL INFORMATION
fixed length control field 181008s2019 nyua j 001 0 eng d
019 ## -
-- 1055913381
020 ## - INTERNATIONAL STANDARD BOOK NUMBER
International Standard Book Number 1978506716
020 ## - INTERNATIONAL STANDARD BOOK NUMBER
International Standard Book Number 9781978506718
020 ## - INTERNATIONAL STANDARD BOOK NUMBER
International Standard Book Number 9781978506442
Qualifying information (library binding)
020 ## - INTERNATIONAL STANDARD BOOK NUMBER
International Standard Book Number 1978506449
Qualifying information (library binding)
035 ## - SYSTEM CONTROL NUMBER
System control number (OCoLC)1055914549
Canceled/invalid control number (OCoLC)1055913381
040 ## - CATALOGING SOURCE
Original cataloging agency YDX
Language of cataloging eng
Transcribing agency YDX
Modifying agency BDX
-- OCLCQ
-- ZHI
-- WACOL
049 ## - LOCAL HOLDINGS (OCLC)
Holding library WACL
082 04 - DEWEY DECIMAL CLASSIFICATION NUMBER
Classification number 612
Edition number 23
092 ## - LOCALLY ASSIGNED DEWEY CALL NUMBER (OCLC)
Classification number 612
Item number Hib
100 1# - MAIN ENTRY--PERSONAL NAME
Personal name Hibbert, Clare,
Dates associated with a name 1970-
Relator term author.
9 (RLIN) 5700491
245 14 - TITLE STATEMENT
Title The human body /
Statement of responsibility, etc Clare Hibbert.
264 #1 - Production, Publication, Distribution, Manufacture, and Copyright Notice.
Place of production, publication, distribution, manufacture New York :
Name of producer, publisher, distributor, manufacturer Enslow Publishing,
Date of production, publication, distribution, manufacture, or copyr 2019.
300 ## - PHYSICAL DESCRIPTION
Extent 32 pages :
Other physical details color illustrations ;
Dimensions 29 cm.
336 ## - Content Type
Content type term text
336 ## - Content Type
Content type term still image
337 ## - Media type
Media type term unmediated
338 ## - Carrier type
Carrier type term volume
490 1# - SERIES STATEMENT
Series statement Science explorers
500 ## - GENERAL NOTE
General note Includes glossary and index.
505 0# - FORMATTED CONTENTS NOTE
Formatted contents note Introduction -- Amazing body -- Inside the brain -- Bone and muscle -- Nervous system -- Skin and hair -- Digestive system -- Heart, blood, and lungs -- Making babies -- Fighting disease -- Body repairs -- Fun facts -- Your questions answered.
520 ## - SUMMARY, ETC.
Summary, etc "Let's learn all about the human body, from head to toe. As we peel back each layer of skin, we'll find out about the complex systems that allow our bodies to walk, talk, and think. The brain, heart, lungs, stomach, bones, and reproductive system are all covered in this comprehensive anatomical title, but that's not all. Readers will also study how our bodies work to protect us under threat, illness, and injury and, moreover, how we're able to heal and recover when we do get sick or hurt." --Page 4 of cover.
521 ## - TARGET AUDIENCE NOTE
Target audience note junior nonfiction
Source apple books
650 #0 - SUBJECT ADDED ENTRY--TOPICAL TERM
Topical term or geographic name as entry element Human body
Form subdivision Juvenile literature.
9 (RLIN) 5711214
650 #0 - SUBJECT ADDED ENTRY--TOPICAL TERM
Topical term or geographic name as entry element Human anatomy
Form subdivision Juvenile literature.
9 (RLIN) 5711215
650 #0 - SUBJECT ADDED ENTRY--TOPICAL TERM
Topical term or geographic name as entry element Human physiology
Form subdivision Juvenile literature.
9 (RLIN) 5687225
800 1# - SERIES ADDED ENTRY--PERSONAL NAME
Personal name Hibbert, Clare,
Dates associated with a name 1970-
Title of a work Science explorers.
9 (RLIN) 6002286
938 ## -
-- Brodart
-- BROD
-- 123467683
938 ## -
-- Brodart
-- BROD
-- 123467675
938 ## -
-- YBP Library Services
-- YANK
-- 15741596
938 ## -
-- YBP Library Services
-- YANK
-- 15741580
942 ## - ADDED ENTRY ELEMENTS (KOHA)
Koha item type BOOK
948 ## - LOCAL PROCESSING INFORMATION (OCLC); SERIES PART DESIGNATOR (RLIN)
Series part designator, SPT (RLIN) 04/22/2019
z (OCLC) Sirsi
994 ## -
-- C0
-- WACOL
996 ## -
-- 165403
-- 34301001590068
-- JNF
-- bk
-- wcl
-- o
-- 3
-- 18.95
-- apple books
-- 612 Hib
-- 04/23/2019
-- 01/28/2020
-- 02/22/2020
Holdings
Withdrawn status Lost status Source of classification or shelving scheme Damaged status Not for loan Collection code Home library Current library Shelving location Date acquired Cost, normal purchase price Total Checkouts Total Renewals Full call number Barcode Date last seen Date checked out Cost, replacement price Price effective from Koha item type
    Dewey Decimal Classification     Junior NonFiction Wasatch County Library Wasatch County Library Second Floor 04/23/2019 18.95 12 10 J 612 Hib 34301001590068 12/26/2025 11/19/2024 18.95 03/20/2020 BOOK
This project was made possible through a grant from the Institute of Museum and Library Service administered by the Utah State Library Division.

Wasatch County Library

  • 465 East 1200 South, Heber City, Utah 84032
  • Phone 435-654-1511 | Fax 435-654-6456

Hours

  • Monday - Friday 9:30 AM - 8:00 PM
  • Saturday 9:30 AM - 1:30 PM
  • Closed Sundays and Holidays